000 01028cam a2200277 a 4500
001 12791974
003 ARRUPE
005 20131220135702.0
008 020529s2002 miu b 000 0 eng
010 _a 2002074277
020 _a0802860699 (alk paper)
040 _aDLC
_cDLC
_dDLC
050 0 0 _aBS2825.53
_b.D271 2002
082 0 0 _a228/.07
_221
100 1 _aDawn, Marva J.
_96280
245 1 0 _aJoy in our weakness :
_ba gift of hope from the book of Revelation /
_cMarva J. Dawn.
250 _aRev. ed.
260 _aGrand Rapids, Mich. :
_bW.B. Eerdmans Pub. ;
_aSydney, Aukland :
_bLime Grove House Pub.,
_c2002.
300 _axiv, 220 p. ;
_c23 cm.
504 _aIncludes bibliographical references (p. 218-220).
650 _aBible NT.
_xRevelation
_xCommentaries.
_96281
650 _aPastoral care for the sick
_96282
906 _a7
_bcbc
_corignew
_d1
_eocip
_f20
_gy-gencatlg
942 _2lcc
_cMONOGRAPH
999 _c119442
_d119442